Online
Catalog
Normal view MARC view

Entry Nombre personal

Number of records used in: 53

001 - NÚMERO DE CONTROL

  • campo de control: 85713

003 - IDENTIFICADOR DEL NÚMERO DE CONTROL

  • campo de control: BNPHU

005 - FECHA Y HORA DE LA ÚLTIMA TRANSACCIÓN

  • campo de control: 20240619113635.0

008 - DATOS DE LONGITUD FIJA

  • campo de control de longitud fija: 240619|| aca||aabn | a|a d

010 ## - NÚMERO DE CONTROL DE LA BIBLIOTECA DEL CONGRESO

  • Número de control de LC: no2003027067

040 ## - FUENTE DE LA CATALOGACIÓN

  • Centro catalogador/agencia de origen: DO-SdBNP
  • Lengua de catalogación: spa
  • Centro/agencia transcriptor: BNPHU
  • Normas de descripción: rda

100 1# - ENCABEZAMIENTO-NOMBRE DE PERSONA

  • Nombre de persona: Grimaldi Silié, Eleanor,
  • Fechas asociadas al nombre: 1948-

370 ## - LUGAR ASOCIADO

  • Lugar de nacimiento: Santo Domingo

372 ## - CAMPO DE ACTIVIDAD

  • Campo de actividad: Maestra en escuelas y universidades
  • Campo de actividad: Técnico en el Ministerio de Educación
  • Campo de actividad: Subdirectora y directora general del Libro y la lectura en el Ministerio de Cultura
  • Campo de actividad: Directora Ejecutiva en la Sociedad Dominicana de Bibliófilos
  • Campo de actividad: Miembro del Consejo de La Sociedad Dominicana de Bibliófilos
  • Campo de actividad: Miembro del Instituto Duartiano
  • Campo de actividad: Ha dirigido proyectos educativos diversos
  • Campo de actividad: Durante 5 años coordinó la Comisión de Educación de la Academia de Ciencias de la República Dominicana, realizando junto a los miembro de la Comisión : cursos, paneles, seminarios y conferencias para motivar la superación, al magisterio dominicano.

374 ## - OCUPACIÓN

  • Ocupación: Pedagoga
  • Ocupación: Profesora
  • Ocupación: Escritora

400 1# - TRAZADO DE VÉASE--NOMBRE DE PERSONA

  • Nombre de persona: Silié, Eleanor Grimaldi,
  • Fechas asociadas al nombre: 1948-

670 ## - FUENTE DE DATOS ENCONTRADOS

  • Cita de la fuente: Grimaldi Silié, Eleanor. Duarte, Sánchez y Mella, 2002

670 ## - FUENTE DE DATOS ENCONTRADOS

  • Cita de la fuente: Grimaldi Silié, Eleanor. Había una vez ... en una isla tropical. Santo Domingo : Búho, 2024

Powered by Koha